01805cam a22004694i 4500003000900000005001700009008004100026020001500067035002700082040003300109049000900142082002100151100002600172245003400198264004300232300003800275336002100313337002500334338002300359504002800382505024800410526001000658526001000668526001000678526001000688526000800698526000800706526000800714526000800722526000800730526000800738526000800746650003600754910001800790942001400808949012800822994001400950596000600964999015400970980005501124952015601179PE-LiUPU20250731173524.0150616s r 000 0 d a0830818685 a(Sirsi) i9780830818686 aPE-LiUPUbspacPE-LiUPUerda aPRUA04a250.225bG472211 aGiles, Kevin,eautor.10aWhat on Earth is the Church?. 1aIllinois :bInterVarsity Press,c1995. a310 páginas ;c21 centímetros atext2rdacontent aunmediated2rdamedia avolume2rdacarrier aIncluye bibliografía.0 aOpening the door: what on earth is the Church.- Jesus and the founding of the Church.- Matthew, Mark, Luke and John.- The church in the book of Acts.- The church in Paul's earliest epistles.- The church church in the middle and later paulines. aSEG42 aSEG41 aSEG40 aSEG39 aP94 aP87 aP86 aP85 aP77 aP76 aP3504aIGLESIA EN EL NUEVO TESTAMENTO. ajckbjvqcjck 2ddccBOOK a250.225 G47wDEWEYc1i42171lCCODEBUL1mBULr0sYtBOOKu2015-6-16xTEOLOGIAzUNKNOWN0COMPRAo.STAFF. Colección General aC0bPEPRU a1 a250.225 G47wDEWEYc59863i42171f2021-11-10g5lCCODEBUL1mBULr0sYtBOOKu2015-6-16xTEOLOGIAzUNKNOWN0COMPRAo.STAFF. Colección Generald59863 81gALBERTO SANCHEZ Responsable de Automatización r2025-12-03 00:00:00i6l0o250.225 G47p42171te1w2015-06-16xPGyBKzinventario-2023-12-13102ddc50708GENfP94aBULbBULcGENd2015-06-16eCOMPRA